Normal view
MARC view
- Osos
Entry Materia
001 - NÚMERO DE CONTROL DEL REGISTRO
- campo de control: 10810
003 - IDENTIFICADOR DE NUMERO DE CONTROL
- campo de control: MX-MxUPN
005 - FECHA Y HORA DE LA ÚLTIMA TRANSACCIÓN
- campo de control: 20240510140414.0
008 - DATOS DE LONGITUD FIJA
- campo de control de longitud fija: 240510nn fnnnnbabb n ana |d
035 ## - NÚMERO DE CONTROL DEL SISTEMA
- Número de control del sistema: UPN10000010817
040 ## - FUENTE DE LA CATALOGACIÓN
- Centro catalogador de origen: MX-MxUPN
- Lengua de catalogación: spa
150 ## - ENCABEZAMIENTO - TEMÁTICO
- Término de materia o nombre geográfico como elemento inicial: Osos
- Subdivisión de forma: Cuentos y leyendas
670 ## - FUENTE EN LA QUE SE LOCALIZARON DATOS
- Cita de la fuente: Escamilla González, G. Lista de encabezamientos de materia, 1978 :
- Información localizada: página 293 (Elefantes - Cuentos y leyendas)
902 ## - CATALOGADOR
- Catalogador: MITM/131103
- Catalogador: VíctorGodínez/100524
